| 000 | 01157nam a2200349 a 4500 | ||
|---|---|---|---|
| 001 | 000108112 | ||
| 003 | CHAP | ||
| 005 | 20230509115711.0 | ||
| 008 | 131205s2012 fluabj |r| ||||||eng d | ||
| 010 | _a104574 | ||
| 011 | _a105546 | ||
| 020 | _a9781439836248 | ||
| 040 | _cCHAP | ||
| 082 | 0 | 4 |
_a628.529 _bP47 |
| 245 | 1 | 0 |
_aPesticides : _bevaluation of environmental pollution / _ceditado por Hamir S. Rathore y Leo M.L. Nollet. |
| 260 |
_aBoca Raton, FL : _bTaylor & Francis, _c2012. |
||
| 300 |
_axv, 643 p. : _bil, maps., tabs. |
||
| 504 | _aIncluye bibliografía e índice | ||
| 590 |
_aE5995AHE _b05 _c20131205 _lUCH01 _h1131 |
||
| 590 |
_aE5995AHE _b05 _c20131205 _lUCH01 _h1147 |
||
| 590 |
_aE5995AHE _b05 _c20131205 _lUCH01 _h1230 |
||
| 650 |
_aIngeniería ambiental _958207 |
||
| 650 | 1 | 4 |
_aMedio ambiente _xContaminación. _974069 |
| 650 | 1 | 4 |
_aPesticidas _xEfecto en el medio ambiente. _987548 |
| 650 | 1 | 4 |
_aPesticidas _xEfecto en suelos. _987554 |
| 650 | 1 | 4 |
_aPesticidas _xResiduos. _987570 |
| 700 | 0 |
_aNollet, Leo M.L. _e, ed. _981627 |
|
| 700 | 1 |
_aRathore, Hamir S. _e, ed. _9124948 |
|
| 901 | _aBK | ||
| 942 | _cLIBRO | ||
| 942 | _n0 | ||
| 999 |
_c104574 _d104574 |
||